|
|
|
|
| LEADER |
00621cam a2200193 7i4500 |
| 001 |
0000038583 |
| 005 |
20110504090000.0 |
| 020 |
|
|
|a 9789676121875 (pbk.)
|
| 020 |
|
|
|a 9676121878
|
| 090 |
0 |
0 |
|a BF637.S8
|b I22 2009
|
| 100 |
0 |
|
|a Ismail Zain
|
| 245 |
1 |
0 |
|a Bongkar rahsia kejayaan
|c Ismail Zain.
|
| 260 |
|
|
|a Kuala Lumpur:
|b Utusan Pub. & Dis. Sdn Bhd.,
|c 2009.
|
| 300 |
|
|
|a v, 106 p.:
|b ill.;
|c 25 cm.
|
| 490 |
0 |
|
|a Siri motivasi dan kecemerlangan Utusan
|
| 650 |
0 |
0 |
|a Motivation
|
| 650 |
0 |
0 |
|a Success
|
| 999 |
|
|
|a 0000047561
|b BOK
|c OPEN SHELF
|e 1st Floor, Bestari Jaya
|
| 999 |
|
|
|a 0000047562
|b BOK
|c OPEN SHELF
|e 1st Floor, Shah Alam
|